00425ntaaa2200169 45000030003000000050017000030080021000200400037000410820017000781000020000952450023001152500010001382600035001483000010001835000045001936500017002380120251027202347.00714s1973 ag 01  aAR-BaBNbspacAR-BaBNeaacrdRIC a301.1500 M43 aMaltz, Maxwell  aPsycho-cybernetics a1 ed. aNew York : bEssandess, c1960 a256 p aA new way to get more living out of life apsicología